<?xml version="1.0" encoding="UTF-8"?>
<collection xmlns="http://www.loc.gov/MARC21/slim">
<record>
  <controlfield tag="001">304311</controlfield>
  <controlfield tag="005">20240928181302.0</controlfield>
  <datafield tag="035" ind1=" " ind2=" ">
    <subfield code="a">G:(GEPRIS)438612878</subfield>
  </datafield>
  <datafield tag="024" ind1="7" ind2=" ">
    <subfield code="a">G:(GEPRIS)438612878</subfield>
    <subfield code="d">438612878</subfield>
  </datafield>
  <datafield tag="040" ind1=" " ind2=" ">
    <subfield code="a">GEPRIS</subfield>
    <subfield code="c">http://gepris.its.kfa-juelich.de</subfield>
  </datafield>
  <datafield tag="150" ind1=" " ind2=" ">
    <subfield code="a">Laser-Doppler-Scanning-Vibrometer</subfield>
    <subfield code="y">2020</subfield>
  </datafield>
  <datafield tag="371" ind1=" " ind2=" ">
    <subfield code="a">Professor Dr.-Ing. Bernd Gundelsweiler</subfield>
  </datafield>
  <datafield tag="450" ind1=" " ind2=" ">
    <subfield code="a">DFG project G:(GEPRIS)438612878</subfield>
    <subfield code="w">d</subfield>
    <subfield code="y">2020</subfield>
  </datafield>
  <datafield tag="510" ind1="1" ind2=" ">
    <subfield code="a">Deutsche Forschungsgemeinschaft</subfield>
    <subfield code="0">I:(DE-588b)2007744-0</subfield>
    <subfield code="b">DFG</subfield>
  </datafield>
  <datafield tag="680" ind1=" " ind2=" ">
    <subfield code="a">Das IKFF forscht auf dem Gebiet der Ultraschall-Piezoantriebe, die auf dem Prinzip des Stehwellenmotors beruhen. Die Bewegungsform der Reibkontaktspitze, die ein elliptische Trajektorie ausführt, soll auf Basis von Halbkugelgeometrien untersucht werden. Der Forschungsschwerpunkt liegt in der Entwicklung von multidimensionalen Resonatoren, die durch Variation des Piezo-Materials und durch Gemetrieoptimierung ein möglichst starkes Antriebssystem mit geringer Bauhöhe und dynamischem Fahrverhalten in XYPhi-Richtung zulassen. Die berührungslose Vermessung des Resonator-Reibstößels soll dabei mit dem beantragten Laser-Doppler-Scanning-Vibrometer durchgeführt werden.</subfield>
  </datafield>
  <datafield tag="909" ind1="C" ind2="O">
    <subfield code="o">oai:juser.fz-juelich.de:971054</subfield>
    <subfield code="p">authority:GRANT</subfield>
    <subfield code="p">authority</subfield>
  </datafield>
  <datafield tag="980" ind1=" " ind2=" ">
    <subfield code="a">G</subfield>
  </datafield>
  <datafield tag="980" ind1=" " ind2=" ">
    <subfield code="a">AUTHORITY</subfield>
  </datafield>
  <datafield tag="909" ind1="C" ind2="O">
    <subfield code="o">oai:juser.fz-juelich.de:971054</subfield>
  </datafield>
</record>
</collection>